Borisz a források tükrében

Elmentve itt :
Bibliográfiai részletek
Szerző: Nyulassy Ágnes
Dokumentumtípus: Könyv része
Megjelent: 2007
Sorozat:Dixit et salvavi animam meam : tanulmányok a 65 éves Szegfű László tiszteletére
Kulcsszavak:Magyarország története - 12. sz.
Online Access:http://acta.bibl.u-szeged.hu/65809
LEADER 00664naa a2200181 i 4500
001 acta65809
005 20260224081030.0
008 200227s2007 hu o 000 hun d
020 |a 978-963-9573-34-5 
040 |a SZTE Egyetemi Kiadványok Repozitórium  |b hun 
041 |a hun 
100 1 |a Nyulassy Ágnes 
245 1 0 |a Borisz a források tükrében  |h [elektronikus dokumentum] /  |c  Nyulassy Ágnes 
260 |c 2007 
300 |a 79-98 
490 0 |a Dixit et salvavi animam meam : tanulmányok a 65 éves Szegfű László tiszteletére 
695 |a Magyarország története - 12. sz. 
856 4 0 |u http://acta.bibl.u-szeged.hu/65809/1/szegfu_65_079-098.pdf  |z Dokumentum-elérés